The Key To Good Health/ (Record no. 211707)

MARC details
000 -LEADER
fixed length control field 00613nam a22001937a 4500
005 - DATE AND TIME OF LATEST TRANSACTION
control field 20250610150221.0
010 ## - LCCN (DPL NO)
LC control number ENG-145243
020 ## - INTERNATIONAL STANDARD BOOK NUMBER
Terms of availability 150.00
International Standard Book Number 9789385311024
035 ## - SYSTEM CONTROL NUMBER
System control number EN-128775
037 ## - SOURCE OF ACQUISITION
Source of stock number/acquisition DBAD
082 ## - DEWEY DECIMAL CLASSIFICATION NUMBER
Classification number 613
Edition number 1
100 ## - MAIN ENTRY--PERSONAL NAME
Personal name Sardesai, H.V.
245 ## - TITLE STATEMENT
Title The Key To Good Health/
Statement of responsibility, etc H.V. Sardesai
250 ## - EDITION STATEMENT
Edition statement 1
260 ## - PUBLICATION, DISTRIBUTION, ETC. (IMPRINT)
Place of publication, distribution, etc Mumbai
Name of publisher, distributor, etc Soniya Khare Inking Innovations
Date of publication, distribution, etc 2015
270 ## - ADDRESS
Address Ground Floor, India rinting House 42, G.D. Ambedkar MArg, Wadala
City Mumbai
Postal code 400031
Electronic mail address ipwsoniya@gmail.com
Telephone number 022-24186233
300 ## - PHYSICAL DESCRIPTION
Extent 111p.
Dimensions 21cm(pb)
942 ## - ADDED ENTRY ELEMENTS (KOHA)
Source of classification or shelving scheme Dewey Decimal Classification
Item type English Books
Classification part 613
Call number suffix SAR
Holdings
Withdrawn status Lost status Not for loan Collection code Home library Current library Date acquired Source of acquisition Cost, normal purchase price Full call number Barcode Copy number Cost, replacement price Koha item type
      Non-fiction RC3 Shakur Pur RC3 Shakur Pur 10/06/2025 Delivery of Books Act Division 150.00 613 SAR EN-128775 1 150.00 English Books

© Delhi Public Library
Hit Counter
free hit counter